Statistics for Countries voted against Ukraine on Crimea in 2020

Click here to take the quiz!

General Stats

  • This quiz has been taken 67 times
  • The average score is 14 of 22

Answer Stats

HintAnswer% Correct
18Russia
96%
6China
91%
3Belarus
89%
11Iran
87%
16North Korea
85%
2Armenia
80%
7Cuba
80%
12Kazakhstan
78%
20Syria
78%
21Venezuela
76%
13Kyrgyzstan
75%
10India
67%
15Nicaragua
58%
19Sudan
56%
8Eritrea
53%
14Myanmar
49%
1Angola
47%
5Cambodia
47%
22Zimbabwe
47%
4Burundi
36%
17Philippines
27%
9Guinea
24%

Score Distribution

Percentile by Number Answered

Percent of People with Each Score

Your Score History

You have not taken this quiz